| 000 | 00628nam a2200253 a 4500 | ||
|---|---|---|---|
| 001 | nice12345678 | ||
| 003 | IN_TiNIC | ||
| 005 | 20260116013115.0 | ||
| 008 | 050524s1969 newa grp 000 0 eng | ||
| 020 |
_a0684250 _c343 |
||
| 082 | 0 | 0 |
_a296.712 _bWEI |
| 100 | _aWeiner, Herbert | ||
| 245 |
_a91/2 Mystics _b the Kabbala Today |
||
| 260 |
_aNew York _bCharles Scribner`s Sons, _c1969 |
||
| 300 | _a404p | ||
| 500 | _aincludes index and biblioraphy | ||
| 505 | 2 | _aIndex | |
| 650 | _aMysticism-Judaism | ||
| 650 | _aKabbala | ||
| 700 | 1 | _aWeiner, Herbert | |
| 902 | _bSRS | ||
| 942 | _cBK | ||
| 999 |
_c9680 _d9680 |
||